005030000a2200133000450024501560000026000090015604400130016504100140017870000370019270000310022970000340026010000350029477300400032910aAspectos reproductivos de la orquídea Masdevallia ignea Rchb.f en condiciones de cultivo en el Jardín Botánico de Bogotá José Celestino Mutis c2005 aColombia0 aEspañol1 aBonilla Gómez, María Argenis1 aCure Hakim, José Ricardo1 aPacheco Salamanca, Ricardo A.1 aChavarro Rodríguez, Nathalia1 tPérez Arbelaeziah16q59-70d2005